Normal view
MARC view
- Hook, Andrew,
Entry Personal Name
001 - CONTROL NUMBER
- control field: 41860
003 - CONTROL NUMBER IDENTIFIER
- control field: DLC
005 - DATE AND TIME OF LATEST TRANSACTION
- control field: 20181031132428.0
008 - FIXED-LENGTH DATA ELEMENTS
- fixed length control field: 830801n| acannaabn |a aaa
010 ## - LIBRARY OF CONGRESS CONTROL NUMBER
- LC control number: n 82215879
035 ## - SYSTEM CONTROL NUMBER
- System control number: (OCoLC)oca00873860
040 ## - CATALOGING SOURCE
- Original cataloging agency: DLC
- Language of cataloging: eng
- Transcribing agency: DLC
- Modifying agency: DLC
- Modifying agency: MdU
- Modifying agency: UkOxU
- Modifying agency: EG-ScBUE
100 1# - HEADING--PERSONAL NAME
- Personal name: Hook, Andrew,
- Dates associated with a name: 1932-
400 1# - SEE FROM TRACING--PERSONAL NAME
- Personal name: Hook, A. D.
- Fuller form of name: (Andrew Dunnet)
670 ## - SOURCE DATA FOUND
- Source citation: His Dos Passos, 1974.
670 ## - SOURCE DATA FOUND
- Source citation: His F. Scott Fitzgerald, 1992:
- Information found: CIP t.p. (Andrew Hook; Prof. of English Lit., Univ. of Glasgow) data sheet (b. 12-21-32)
670 ## - SOURCE DATA FOUND
- Source citation: The fair maid of Perth, c1999:
- Information found: t.p. (A.D. Hook) jacket (Andrew Hook; until lately Bradley Prof. in Eng. Lit., Univ. of Glasgow)
670 ## - SOURCE DATA FOUND
- Source citation: WW in the world, 10th ed. (1990)
- Information found: (Hook, Andrew Dunnet; b. Dec. 12, 1932; Bradley Prof. Eng. Lit., Univ. of Glasgow, 1979- )